1 an wesh ! - Statistiques

Statistiques générales
  • Ce quiz a été pris 15 fois
  • Le résultat moyen est 6 sur 35
Statistiques - réponses
Par images Réponse % Correct
Citrouille
89%
Café
67%
Tournesol
56%
Biere
44%
Pizza
44%
Train
44%
Câlin
33%
Miroir
22%
Moto
22%
Poisson
22%
Soleil
22%
Bisous
11%
Coeur
11%
Masque
11%
Messages
11%
Mochi
11%
Pavés
11%
Porte bagage
11%
Resistance
11%
Sven
11%
Tente
11%
Amsterdam
0%
Berlin
0%
Bruxelles
0%
Crêpes
0%
Guizmo
0%
Matin
0%
Metro
0%
Neko Ramen
0%
Pride
0%
Rire
0%
Romantique
0%
Routine
0%
Selfie
0%
Space cake
0%
Aucun quiz correspondant
Distribution des résultats
% des personnes avec chaque résultat
Percentile par nombre de réponses
Votre historique - résultats
Vous n’avez pas pris ce quiz